01257nam a22003258a 4500001001000000003000400010005001700014008004100031020002500072020002200097040003600119082001900155245010600174246003000280250002500310260008900335300003400424500002400458500002800482504004100510650003000551653002400581655002400605700003700629700004200666700003200708942001900740999001700759952015500776014566365OSt20201128021204.0080225r20102007xxkj fr2b f001 0 eng d a9780199547029 (pbk.) a0199547025 (pbk.) aStDuBDSbengcStDuBDSdEG-ScBUE00a658.3222bOXF04aThe Oxford handbook of human resource management /cedited by Peter Boxall, John Purcell, Pat Wright.30aHuman resource management a1st ed.,breprinted. aOxford, United Kingdom ;aNew York, United States :bOxford University Press,c2010. axv, 658 p. :bforms ;c25 cm. aIndex : p. 621-658. aReprint of the 2007 ed. aIncludes bibliographical references. 0aPersonnel management9994 bBUSADMcJanuary2015 vreading book9342321 aBoxall, Peter F.937280eeditor.1 aPurcell, John,d1945-937281eeditor.1 aWright, Pat937282eeditor. 2ddck658.3 OXF c18914d18886 00102ddc40708BaccahaMAINbMAINc1STd2015-01-20epurchaseg411.00h21291l4m3o658.3 OXFp000037337r2025-07-15 00:00:00s2016-11-22v514.00yBB